Govt. of
Madhya Pradesh

Aspects Of Gandhian Thought (Record no. 14286)

MARC details
000 -LEADER
fixed length control field 003690000a22001570004500
001 - CONTROL NUMBER
control field 002374
003 - CONTROL NUMBER IDENTIFIER
control field MACL
040 ## - CATALOGING SOURCE
Original cataloging agency MACL
090 ## - LOCALLY ASSIGNED LC-TYPE CALL NUMBER (OCLC); LOCAL CALL NUMBER (RLIN)
-- 14367
-- 14366
100 ## - MAIN ENTRY--PERSONAL NAME
Personal name Jhaveri, Himmat
245 ## - TITLE STATEMENT
Title Aspects Of Gandhian Thought
Statement of responsibility, etc. Himmat Jhaveri
260 ## - PUBLICATION, DISTRIBUTION, ETC. (IMPRINT)
Place of publication, distribution, etc. Mani Bhavan Gandhi Sangrahalaya,
Date of publication, distribution, etc. 2003
350 ## - PRICE (NR) (BK AM CF MU VM SE) [OBSOLETE]
Price 200
650 ## - SUBJECT ADDED ENTRY--TOPICAL TERM
Topical term or geographic name as entry element General Collection
942 ## - ADDED ENTRY ELEMENTS (KOHA)
Call number prefix 80
Koha item type Library Membar
Holdings
Withdrawn status Lost status Source of classification or shelving scheme Damaged status Not for loan Home library Current library Date acquired Cost, normal purchase price Total Checkouts Full call number Barcode Date last seen Uniform Resource Identifier Price effective from Koha item type
          MACL MACL 15/04/2015 200.00   080 JHA CRE018477 02/05/2024 14169 15/04/2015 Books